000 00907nam a2200301Ia 4500
003 OSt
005 20221005081143.0
006 a|||||r|||| 00| 0
007 ta
008 221004b |||||||| |||| 00| 0 eng d
020 _a8120329074
_c525
024 _a84004
037 _b11201, 29/03/2006, Govinda Book House
_cTextual
040 _aCRL
_cCRL
_beng
041 _2eng
_aeng
082 _aX:8F, P5
100 _aHorngren Charles T.
245 0 _aIntroduction to management accounting
250 _a13th
260 _aNew Delhi
_bPrentice Hall of India India
_c2005
300 _a824p.
_ccm.
650 _a ECONOMICS
650 _aACCOUNTING
700 _a Stratton William O.
_9431539
700 _a Sundem Gary L.
942 _hX:8F, P5
_cTEXL
_2cc
999 _c987279
_d987279